| 000 | 00780nam a22002535a 4500 | ||
|---|---|---|---|
| 005 | 20170426140049.0 | ||
| 008 | 170426s2012 ii frb 001 0 eng d | ||
| 020 | _a9788178848839 | ||
| 040 |
_aEG-ScBUE _beng _cEG-ScBUE _dEG-ScBUE |
||
| 043 | _aa-ii--- | ||
| 082 | 0 | 4 |
_222 _a332.1209772 _bCHO |
| 100 | 1 |
_aChoudhury, Masudul, _d1968- |
|
| 245 | 1 | 0 |
_aPrinciples and concepts of corporate banking / _cMasudul Choudhury. |
| 250 | _a1st ed. | ||
| 260 |
_aNew Delhi : _bCyber Tech Publications, _c2012. |
||
| 300 |
_a280 p. ; _c24 cm. |
||
| 500 | _aIndex : p. 279-280. | ||
| 504 | _aBibliography : p. 277-278. | ||
| 650 | 7 |
_2BUEsh _936687 _aBanks and banking _zIndia. |
|
| 650 | 7 |
_2BUEsh _aBank management _xIndia. |
|
| 651 | _2BUEsh | ||
| 653 |
_bLLAAWW _cApril2017 |
||
| 942 | _2ddc | ||
| 999 |
_c24713 _d24685 |
||